Kaqin Karemo

Bibliographic Details
Main Author: Shamsiah Mohd.Noor
Other Authors: Zainal Buang Hessein (Illustrator)
Format: Book
Published: Kuala Lumpur : Creative Enterprise , 1992
Subjects:

MARC

LEADER 00000cam a2200000 7i4500
001 0000003546
002 000003816
005 20000330.0
020 |a 9838930385 
090 0 0 |a F   |b SAM 
100 0 |a Shamsiah Mohd.Noor 
245 1 0 |a Kaqin Karemo   |c Samsiah Mohd.Nor 
260 |a Kuala Lumpur :   |b Creative Enterprise ,   |c 1992 
300 |a 126p. ;   |c 17cm. 
650 0 0 |a Malay fiction 
700 0 |a Zainal Buang Hessein ,   |e ill 
999 |a 031836   |b BUKU   |c PINJAMAN   |e PERPUSTAKAAN KOMUNITI PETALING JAYA 
999 |a 031837   |b BUKU   |c YOUTH FICTION   |e PERPUSTAKAAN KOMUNITI PETALING JAYA 
999 |a 031838   |b BUKU   |c PINJAMAN   |e PERPUSTAKAAN KOMUNITI PETALING JAYA 
999 |a 044552   |b BUKU   |c FICTION   |e PERPUSTAKAAN KOMUNITI CAW KOTA DAMANSARA 
999 |a 044554   |b BUKU   |c FICTION   |e PERPUSTAKAAN KOMUNITI CAW KOTA DAMANSARA